wszystkie miasta w województwie śląskim poniżej 5000 mieszkańców - Statystyki

Ogólne statystyki
  • Ten quiz został rozwiązany 48 razy
    13 od ostatniego zresetowania
  • Średni wynik to 14 z 22
Statystyki odpowiedzi
Powiat Miasto % Poprawnych
tarnogórski Kalety
73%
myszkowski Koziegłowy
73%
kłobucki Krzepice
73%
raciborski Kuźnia Raciborska
73%
tarnogórski Miasteczko Śląskie
73%
gliwicki Sośnicowice
73%
cieszyński Strumień
73%
gliwicki Toszek
73%
lubliniecki Woźniki
73%
bieruńsko-lędziński Imielin
64%
zawierciański Ogrodzieniec
64%
zawierciański Pilica
64%
zawierciański Poręba
64%
będziński Wojkowice
64%
myszkowski Żarki
64%
raciborski Krzanowice
55%
będziński Siewierz
55%
będziński Sławków
55%
bielski Szczyrk
55%
bielski WIlamowice
55%
zawierciański Szczekociny
45%
częstochowski Przyrów
36%
Nie znaleziono quizów pasujących do podanych kryteriów
Rozkład punktacji
Procent ludzi z każdym wynikiem
Percentyl według liczby udzielonych odpowiedzi
Twoja historia wyników
Nie rozwiązałeś tego quizu od ostatniego zresetowania